000 00465nam a2200169 4500
001 117230
003 ES-MaACL
005 20230906190843.0
007 t|
008 070301s1979 sp r ||||1| spa d
100 1 _aPaz Canalejo, Narciso.
_989766
245 1 3 _aEl nuevo Derecho Cooperativo español /
_cNarciso Paz Canalejo.
250 _a1ª ed.
260 _aMadrid :
_bDigesa,
_c1979.
300 _a528 p. ;
_c21 cm.
852 _aES-MaACL
_jA-10374
_bR.99412
999 _c117230
_d117230